[Event "41st Olympiad Women 2014"]
[Site "Tromso NOR"]
[Date "2014.08.04"]
[Round "3.19"]
[Board "4"]
[White "Garcia, Alcira"]
[Black "Novosadova, Kristyna"]
[Result "0-1"]
[WhiteElo "1692"]
[BlackElo "2174"]
[WhiteTeam "El Salvador"]
[BlackTeam "Czech Republic"]
[WhiteFideId "6702945"]
[BlackFideId "328065"]
[EventDate "2014.08.02"]

1. e4 e5 2. Nf3 Nc6 3. Bb5 a6 4. Ba4 Nf6 5. O-O Be7 6. h3 Nxe4 7. d4 b5 8. Bb3
d5 9. dxe5 Be6 10. c3 O-O 11. Nbd2 Nc5 12. Bc2 Qd7 13. Nb3 Nxb3 14. axb3 Rfd8
15. Ng5 Bf5 16. Qh5 Bxc2 17. Qxf7+ Kh8 18. e6 Qe8 19. Qf3 Bxg5 20. Bxg5 Rd6 21.
Bf4 Rxe6 22. Qxd5 Rd8 23. Qf3 Bxb3 24. Bxc7 Rd7 25. Bg3 a5 26. Kh2 a4 27. Rfe1
Rxe1 28. Rxe1 Qxe1 29. Qxc6 Rd1 30. Bd6 Qxf2 31. Qe8+ Bg8 32. Be5 Qg1+ 33. Kg3
Qe3+ 34. Kh2 Re1 35. Bxg7+ Kxg7 36. Qd7+ Bf7 37. Qg4+ Bg6 38. Qd7+ Qe7 39. Qxb5
Qd6+ 0-1

[Event "41st Olympiad Women 2014"]
[Site "Tromso NOR"]
[Date "2014.08.04"]
[Round "3.20"]
[Board "1"]
[White "Richmond, Jane"]
[Black "Mona, Khaled"]
[Result "1-0"]
[WhiteTitle "WFM"]
[BlackTitle "WGM"]
[WhiteElo "2085"]
[BlackElo "2169"]
[WhiteTeam "Wales"]
[BlackTeam "Egypt"]
[WhiteFideId "1800183"]
[BlackFideId "10605908"]
[EventDate "2014.08.02"]

1. e4 e5 2. Nf3 Nc6 3. Bb5 Nge7 4. c3 d6 5. d4 Bd7 6. O-O g6 7. Qe2 Bg7 8. Rd1
Qc8 9. a4 O-O 10. h3 h6 11. dxe5 dxe5 12. Be3 a6 13. Bc4 Be6 14. Nbd2 Kh7 15.
Bc5 Rg8 16. Bxe6 Qxe6 17. Qc4 Qf6 18. Nf1 Na5 19. Bxe7 Qxe7 20. Qd5 Nc6 21. Ne3
Rgc8 22. Qb3 Rab8 23. Rd2 Bf8 24. Rad1 Kg7 25. Rd5 Qe6 26. Qc2 b5 27. axb5 axb5
28. b4 Rb7 29. Qe2 Rcb8 30. Ra1 Be7 31. Rd2 Bd6 32. Ra6 Ne7 33. Qd3 f5 34. Rd1
f4 35. Nd5 g5 36. Nxc7 Rxc7 37. Rxd6 Qc4 38. Nxe5 Qxd3 39. R1xd3 Rbc8 40. Re6
Nc6 41. Rg6+ Kh7 42. Rxc6 Rxc6 43. Nxc6 Rxc6 44. Kf1 1-0

[Event "41st Olympiad Women 2014"]
[Site "Tromso NOR"]
[Date "2014.08.04"]
[Round "3.20"]
[Board "2"]
[White "Wafa, Shrook"]
[Black "Smith, Olivia"]
[Result "1/2-1/2"]
[WhiteTitle "WGM"]
[BlackTitle "WFM"]
[WhiteElo "2065"]
[BlackElo "1968"]
[WhiteTeam "Egypt"]
[BlackTeam "Wales"]
[WhiteFideId "10609970"]
[BlackFideId "411850"]
[EventDate "2014.08.02"]

1. e4 e5 2. Nf3 Nf6 3. Nxe5 d6 4. Nf3 Nxe4 5. Nc3 Nxc3 6. dxc3 Be7 7. Be2 Nc6 8.
Bf4 Be6 9. Qd2 Qd7 10. b4 Bf6 11. O-O O-O 12. Bg5 Bxg5 13. Nxg5 Bf5 14. c4 Rae8
15. Rfe1 Re7 16. b5 Nd8 17. h3 h6 18. Nf3 Ne6 19. Nh4 Bh7 20. Bg4 Qd8 21. Bf5
Ng5 22. Bxh7+ Kxh7 23. Qd3+ g6 24. f4 Ne6 25. Qg3 Nd4 26. f5 Rxe1+ 27. Rxe1 Qf6
28. Qf2 Nxf5 29. Nxf5 Qxf5 30. Qxf5 gxf5 31. Re7 Rc8 32. Rxf7+ Kg6 33. Rd7 Kf6
34. Kf2 Ke5 35. c3 a6 36. Rh7 axb5 37. cxb5 Ra8 38. Rxc7 Rxa2+ 39. Kf3 Ra3 40.
Re7+ Kd5 41. Kf4 Rxc3 42. Rxb7 Rc2 43. Rf7 Rxg2 44. Rxf5+ Kc4 45. Rh5 d5 46. b6
Rg6 47. b7 Rb6 48. Rxh6 Rxb7 49. Rc6+ Kd3 50. h4 d4 51. h5 Kd2 52. h6 d3 53. Rg6
Kc2 54. Ke4 1/2-1/2

[Event "41st Olympiad Women 2014"]
[Site "Tromso NOR"]
[Date "2014.08.04"]
[Round "3.20"]
[Board "3"]
[White "Blackburn, Suzie G."]
[Black "Moaataz, Ayah"]
[Result "0-1"]
[WhiteTitle "WFM"]
[BlackTitle "WIM"]
[WhiteElo "1971"]
[BlackElo "1954"]
[WhiteTeam "Wales"]
[BlackTeam "Egypt"]
[WhiteFideId "414930"]
[BlackFideId "10615873"]
[EventDate "2014.08.02"]

1. d4 d5 2. Nf3 Nf6 3. Bf4 e6 4. e3 Bd6 5. Bg3 Ne4 6. Bd3 Nxg3 7. hxg3 h6 8.
Nbd2 c5 9. c3 Nc6 10. e4 cxd4 11. Nxd4 Nxd4 12. cxd4 dxe4 13. Nxe4 Bb4+ 14. Kf1
Bd7 15. Qg4 Kf8 16. Qf4 Bc6 17. Ng5 Qe7 18. Bg6 Be8 19. Ne4 Rd8 20. a3 Bd6 21.
Nxd6 Qxd6 22. Qxd6+ Rxd6 23. Be4 Bb5+ 24. Ke1 b6 25. Rc1 Ke7 26. Rc7+ Kf6 27.
Rxa7 Rxd4 28. f3 Rhd8 29. Rh5 Rd1+ 30. Kf2 R8d2+ 31. Ke3 Re2+ 32. Kf4 g5+ 33.
Kg4 Rxe4+ 0-1

[Event "41st Olympiad Women 2014"]
[Site "Tromso NOR"]
[Date "2014.08.04"]
[Round "3.20"]
[Board "4"]
[White "Abdelmenaem, Sohayla"]
[Black "Roberts, Lynda"]
[Result "0-1"]
[WhiteTitle "WFM"]
[BlackTitle "WCM"]
[WhiteElo "1782"]
[BlackElo "1920"]
[WhiteTeam "Egypt"]
[BlackTeam "Wales"]
[WhiteFideId "10610529"]
[BlackFideId "1800191"]
[EventDate "2014.08.02"]

1. d4 f5 2. g3 Nf6 3. Bg2 g6 4. c4 Bg7 5. Nc3 d6 6. Nf3 c6 7. O-O O-O 8. Qb3 Na6
9. d5 Nc5 10. Qc2 Nce4 11. Rd1 Nxc3 12. bxc3 c5 13. Ng5 Rb8 14. Rb1 h6 15. Nh3
Bd7 16. Nf4 Qe8 17. Qd2 Ne4 18. Bxe4 fxe4 19. Qe3 g5 20. Ng2 Bh3 21. f3 Qa4 22.
Bd2 exf3 23. exf3 Qxc4 24. Be1 Rf7 25. Rb2 Rbf8 26. Rf2 b5 27. Rd3 Bf5 28. Rd1
b4 29. cxb4 Bd4 30. Rxd4 Qxd4 31. Qxd4 cxd4 32. f4 Be4 33. fxg5 hxg5 34. Rxf7
Rxf7 35. Bf2 Bxd5 36. Bxd4 Bxg2 37. Kxg2 e5 38. Be3 g4 39. a4 Rc7 40. b5 Rb7 41.
h3 gxh3+ 42. Kxh3 Kf7 43. g4 d5 44. Kg3 d4 45. Bf2 Rc7 46. Kf3 Rc4 47. Ke4 Ke6
48. g5 Rxa4 49. g6 Kf6 50. g7 Kxg7 51. Kxe5 d3 52. Be1 Ra2 53. Kd5 d2 54. Bxd2
Rxd2+ 55. Kc6 Rb2 0-1

[Event "41st Olympiad Women 2014"]
[Site "Tromso NOR"]
[Date "2014.08.04"]
[Round "3.21"]
[Board "1"]
[White "Dahdal, Lougain"]
[Black "Cramling, Pia"]
[Result "0-1"]
[WhiteTitle "WIM"]
[BlackTitle "GM"]
[WhiteElo "1973"]
[BlackElo "2500"]
[WhiteTeam "Jordan"]
[BlackTeam "Sweden"]
[WhiteFideId "8102880"]
[BlackFideId "1700030"]
[EventDate "2014.08.02"]

1. d4 Nf6 2. c4 e6 3. Nf3 b6 4. a3 Ba6 5. Qc2 Bb7 6. Nc3 c5 7. dxc5 bxc5 8. Bf4
Qb6 9. e3 d6 10. Be2 Be7 11. h3 O-O 12. O-O Nbd7 13. Rfd1 Rac8 14. Rd2 Rfd8 15.
Rad1 Nf8 16. Nb5 Ne4 17. Rd3 a6 18. Nc3 Ng6 19. Bh2 f5 20. Nd2 Ng5 21. Nf3 Nf7
22. R3d2 Bf6 23. Bg3 Ba8 24. Ne1 Nfe5 25. f4 Nf7 26. Bf3 Ne7 27. Bf2 Bc6 28. g4
Bxf3 29. Nxf3 Qb7 30. Nh2 Rb8 31. g5 Bxc3 32. Qxc3 Qb3 33. Qc1 d5 34. cxd5 Rxd5
35. Nf1 c4 36. h4 Nd6 37. Ng3 Rc8 38. Rc2 c3 39. Rxd5 Nxd5 40. bxc3 Rxc3 41.
Rxc3 Nxc3 42. Kg2 Nc4 43. e4 Nxe4 44. Nxe4 fxe4 45. Bc5 Qf3+ 46. Kh2 Qe2+ 47.
Kh3 Qd3+ 48. Kg2 e3 49. Bb4 Qe2+ 50. Kh1 Qf3+ 51. Kg1 Qg3+ 52. Kh1 Qxh4+ 53. Kg2
Qg4+ 54. Kh1 Qf3+ 55. Kg1 Qxf4 56. Qc3 Qxg5+ 57. Kh1 Qd5+ 58. Kg1 a5 0-1

[Event "41st Olympiad Women 2014"]
[Site "Tromso NOR"]
[Date "2014.08.04"]
[Round "3.21"]
[Board "3"]
[White "Alattar, Ghayda M."]
[Black "Frisk, Ellinor"]
[Result "0-1"]
[WhiteTitle "WFM"]
[BlackTitle "WFM"]
[WhiteElo "1950"]
[BlackElo "2257"]
[WhiteTeam "Jordan"]
[BlackTeam "Sweden"]
[WhiteFideId "8101531"]
[BlackFideId "1708481"]
[EventDate "2014.08.02"]

1. d4 d5 2. Nc3 c5 3. e4 dxe4 4. d5 Nf6 5. Bf4 a6 6. a4 g6 7. Nge2 Bg7 8. Qd2
O-O 9. Ng3 Nbd7 10. Be2 Nb6 11. Rd1 e6 12. d6 Bd7 13. b3 Bc6 14. Bg5 Qc8 15.
Bxf6 Bxf6 16. Ngxe4 Bxc3 17. Nxc3 Bxg2 18. Rg1 Bc6 19. Qh6 Qd8 20. h4 Qf6 21.
Rg3 Nd7 22. h5 Ne5 23. Kf1 Qh4 24. Rg1 Qh3+ 25. Ke1 Qxc3+ 26. Kf1 Qh3+ 27. Ke1
Nf3+ 28. Bxf3 Bxf3 29. Rd3 Qxh5 30. Qf4 Bc6 31. Rdg3 Qf5 32. Qh6 Qe5+ 33. Kf1
Qg7 34. Qe3 Qd4 35. Qc1 Qxd6 36. Rd3 Qe5 37. Rg5 Qh2 38. Rdg3 Rad8 39. R5g4 Qh1+
40. Rg1 Qf3 41. Ke1 0-1

[Event "41st Olympiad Women 2014"]
[Site "Tromso NOR"]
[Date "2014.08.04"]
[Round "3.21"]
[Board "4"]
[White "Bengtsson, Jessica"]
[Black "Boshra, Alshaeby"]
[Result "1-0"]
[BlackTitle "WFM"]
[WhiteElo "1933"]
[BlackElo "1947"]
[WhiteTeam "Sweden"]
[BlackTeam "Jordan"]
[WhiteFideId "1711083"]
[BlackFideId "8102937"]
[EventDate "2014.08.02"]

1. e4 g6 2. d4 Bg7 3. Nf3 c5 4. dxc5 Qa5+ 5. c3 Qxc5 6. Na3 Qa5 7. Nc4 Qd8 8.
Bg5 d6 9. Qd3 Nc6 10. Rd1 Nf6 11. Qc2 Qc7 12. Be2 O-O 13. O-O Be6 14. Ne3 a6 15.
Qb1 Qa5 16. Nc4 Bxc4 17. Bxc4 Rac8 18. Bb3 h6 19. Bxf6 Bxf6 20. e5 Nxe5 21. Nxe5
Qxe5 22. Qxg6+ Bg7 23. Rfe1 Qf6 24. Qe4 Rc7 25. Bc2 Qg6 26. Qxg6 fxg6 27. Bxg6
Be5 28. g3 Rf6 29. Be4 Rf8 30. Bd5+ Kg7 31. Re4 h5 32. Kg2 b5 33. Rh4 Kg6 34.
Bf3 a5 35. Bxh5+ Kg7 36. Re4 b4 37. cxb4 Rc2 38. Re2 Rxe2 39. Bxe2 axb4 40. Rd2
Ra8 41. Bc4 Rc8 42. Bd5 Rc5 43. h4 Bf6 44. Kf3 Kh6 45. Ke3 Rc1 46. Kf4 Be5+ 47.
Kg4 Rc8 48. f4 Bf6 49. Kh3 Kg6 50. g4 Bg7 51. Re2 Rc5 52. h5+ Kh7 53. Be4+ Kg8
54. g5 Ra5 55. Kg4 e6 56. b3 d5 57. Bg6 Ra6 58. Rc2 Bc3 59. Bd3 Ra7 60. h6 Rf7
61. g6 Rf8 62. Re2 Re8 63. Kg5 e5 64. fxe5 Rxe5+ 65. Rxe5 Bxe5 66. Kf5 Bc3 67.
Ke6 Bd2 68. h7+ Kg7 69. Kxd5 Bc3 70. Kc4 Bd2 71. Kb5 Bc3 72. Ka4 Kf8 73. a3 bxa3
74. Kxa3 Ke8 75. Ka4 Kd8 76. Kb5 Kc7 77. b4 Bg7 78. Ka6 Kb8 79. Kb6 Bh8 80. Kc6 1-0

[Event "41st Olympiad Women 2014"]
[Site "Tromso NOR"]
[Date "2014.08.04"]
[Round "3.22"]
[Board "1"]
[White "Milligan, Helen"]
[Black "Daulyte, Deimante"]
[Result "0-1"]
[WhiteTitle "CM"]
[BlackTitle "WGM"]
[WhiteElo "1938"]
[BlackElo "2386"]
[WhiteTeam "New Zealand"]
[BlackTeam "Lithuania"]
[WhiteFideId "2401312"]
[BlackFideId "12802859"]
[EventDate "2014.08.02"]

1. e4 d6 2. d4 Nf6 3. Nc3 Nbd7 4. Nf3 e5 5. Bc4 Be7 6. O-O O-O 7. Re1 a6 8. a4
b6 9. h3 Bb7 10. d5 Kh8 11. Nh2 Ng8 12. Nf1 g6 13. Be3 Qe8 14. Qd2 f5 15. exf5
gxf5 16. f3 Qg6 17. Kh1 Ngf6 18. Nh2 Nh5 19. Ne2 Bh4 20. Rf1 Rg8 21. g4 f4 22.
Bf2 Ng3+ 23. Kg2 Nxf1 24. Nxf1 Bxf2 25. Kxf2 Nf6 26. Nc3 Rae8 27. Re1 h5 28. Bd3
Qg5 29. Bf5 Bc8 30. Bxc8 Rxc8 31. Qd3 Qh4+ 32. Ke2 Qxh3 33. gxh5 Rg1 34. Kd1
Rcg8 0-1

[Event "41st Olympiad Women 2014"]
[Site "Tromso NOR"]
[Date "2014.08.04"]
[Round "3.22"]
[Board "2"]
[White "Zaksaite, Salomeja"]
[Black "Gao, Judy"]
[Result "1-0"]
[WhiteTitle "WIM"]
[BlackTitle "WFM"]
[WhiteElo "2170"]
[BlackElo "1947"]
[WhiteTeam "Lithuania"]
[BlackTeam "New Zealand"]
[WhiteFideId "12801496"]
[BlackFideId "4302257"]
[EventDate "2014.08.02"]

1. e4 c6 2. d4 d5 3. e5 c5 4. dxc5 Nc6 5. Bb5 Bf5 6. Nf3 Rc8 7. O-O e6 8. b4 Ne7
9. Bb2 a6 10. Ba4 b6 11. cxb6 Qxb6 12. a3 Bg4 13. Nbd2 g6 14. c4 Bg7 15. cxd5
exd5 16. h3 Bxf3 17. Nxf3 O-O 18. Qe2 Nd8 19. Bd4 Qb7 20. Bc5 Ne6 21. Bxe7 Qxe7
22. Qxa6 Ra8 23. Qb5 Rfd8 24. Bb3 d4 25. Rfd1 Nf4 26. Ra2 Rab8 27. Qc6 Ne2+ 28.
Rxe2 1-0

[Event "41st Olympiad Women 2014"]
[Site "Tromso NOR"]
[Date "2014.08.04"]
[Round "3.22"]
[Board "3"]
[White "Tsoi, Nicole"]
[Black "Domarkaite, Laima"]
[Result "1/2-1/2"]
[WhiteTitle "WFM"]
[BlackTitle "WFM"]
[WhiteElo "1787"]
[BlackElo "2160"]
[WhiteTeam "New Zealand"]
[BlackTeam "Lithuania"]
[WhiteFideId "4302605"]
[BlackFideId "12800341"]
[EventDate "2014.08.02"]

1. d4 Nf6 2. Bf4 e6 3. e3 c5 4. c3 b6 5. Nf3 Be7 6. Nbd2 Bb7 7. Bd3 d6 8. O-O
Nh5 9. h3 Nxf4 10. exf4 g6 11. Re1 O-O 12. Qe2 Re8 13. Ne4 Nd7 14. Neg5 Bf6 15.
Ne4 Be7 16. Neg5 Bf6 17. Ne4 Be7 18. Neg5 Bf6 1/2-1/2

[Event "41st Olympiad Women 2014"]
[Site "Tromso NOR"]
[Date "2014.08.04"]
[Round "3.22"]
[Board "4"]
[White "Vanagaite, Giedre"]
[Black "Timergazi, Layla"]
[Result "1-0"]
[WhiteElo "2032"]
[BlackElo "1874"]
[WhiteTeam "Lithuania"]
[BlackTeam "New Zealand"]
[WhiteFideId "12800546"]
[BlackFideId "4303733"]
[EventDate "2014.08.02"]

1. d4 d5 2. Nf3 c6 3. c4 Nf6 4. Nc3 e6 5. e3 Nbd7 6. Bd3 dxc4 7. Bxc4 b5 8. Bd3
a6 9. e4 b4 10. Na4 c5 11. e5 Nd5 12. dxc5 Nxc5 13. Nxc5 Bxc5 14. O-O h6 15. Qe2
O-O 16. Qe4 f5 17. exf6 Qxf6 18. Qh7+ Kf7 19. Bg6+ Ke7 20. Bxh6 1-0

[Event "41st Olympiad Women 2014"]
[Site "Tromso NOR"]
[Date "2014.08.04"]
[Round "3.23"]
[Board "1"]
[White "Srebrnic, Ana"]
[Black "Tuominen, Tanja"]
[Result "1-0"]
[WhiteTitle "WGM"]
[BlackTitle "WIM"]
[WhiteElo "2251"]
[BlackElo "2103"]
[WhiteTeam "Slovenia"]
[BlackTeam "Finland"]
[WhiteFideId "14603314"]
[BlackFideId "502340"]
[EventDate "2014.08.02"]

1. c4 Nf6 2. Nc3 e6 3. e4 Bb4 4. e5 Ng8 5. Qg4 g6 6. d4 d5 7. Bd2 Nc6 8. Nf3 h5
9. Qf4 Nh6 10. c5 Nf5 11. h4 Bd7 12. a3 Bxc3 13. Bxc3 b6 14. b4 Nce7 15. cxb6
axb6 16. b5 Ra4 17. Bd3 Qa8 18. Qc1 c5 19. bxc6 Nxc6 20. Qb2 O-O 21. O-O Qd8 22.
Bc2 Ra8 23. Bxf5 exf5 24. Bd2 f6 25. exf6 Qxf6 26. Bg5 Qd6 27. Rfe1 b5 28. Ne5
Nxe5 29. Rxe5 Rfe8 30. Bf4 Rxe5 31. Bxe5 Qe7 32. Qb3 Bc6 33. Qg3 Kf7 34. Bd6 Qf6
35. Bc5 f4 36. Qh3 Rd8 37. Re1 Re8 38. Rc1 Re6 39. Bb4 Ke8 40. Qc3 Qxh4 41. Qc5
Qf6 42. Qa7 f3 43. Qb8+ Kd7 44. Qa7+ Kc8 45. Ba5 Re7 46. Qa8+ Kd7 47. Qd8+ Ke6
48. Rxc6+ 1-0

[Event "41st Olympiad Women 2014"]
[Site "Tromso NOR"]
[Date "2014.08.04"]
[Round "3.23"]
[Board "2"]
[White "Puuska, Heini"]
[Black "Kolaric, Spela"]
[Result "0-1"]
[WhiteTitle "WFM"]
[BlackTitle "WFM"]
[WhiteElo "1975"]
[BlackElo "2043"]
[WhiteTeam "Finland"]
[BlackTeam "Slovenia"]
[WhiteFideId "502324"]
[BlackFideId "14607093"]
[EventDate "2014.08.02"]

1. d4 Nf6 2. c4 e6 3. Nf3 Bb4+ 4. Bd2 Qe7 5. g3 Nc6 6. Nc3 Bxc3 7. Bxc3 Ne4 8.
Rc1 Nxc3 9. Rxc3 d6 10. d5 Nd8 11. Bg2 O-O 12. O-O a5 13. Ra3 e5 14. b4 b6 15.
c5 dxc5 16. bxa5 Nb7 17. a6 Na5 18. d6 cxd6 19. Nxe5 Rxa6 20. Nf3 Bb7 21. Re3
Qc7 22. Qd3 h6 23. Rd1 d5 24. Nh4 Nc4 25. Bxd5 Bxd5 26. Qxd5 Nxe3 27. fxe3 Raa8
28. Rf1 c4 29. Rf4 Ra5 30. Rxc4 Rxd5 31. Rxc7 Rd2 32. Kf2 Rxa2 33. Rb7 Rb2 34.
Nf5 Rd8 35. Ne7+ Kh7 36. Nc6 Rd6 37. Nd4 Kg6 38. Nf3 Rd5 39. e4 Ra5 40. Ke3 Rab5
41. h4 R5b3+ 42. Kf4 Rxe2 43. Ne5+ Kh7 44. Nxf7 Rf2+ 45. Ke5 Rxg3 46. h5 Rh3 47.
Ke6 Rf6+ 48. Ke7 Rxh5 49. e5 Rxf7+ 50. Kxf7 Rxe5 51. Rxb6 Rf5+ 52. Ke7 h5 53.
Rb4 Kh6 54. Ke6 g6 55. Rb8 h4 56. Ra8 Kg5 57. Rh8 Rf3 58. Ke5 Re3+ 59. Kd4 Re1
60. Kd3 Kg4 61. Kd2 Re5 62. Ra8 h3 63. Ra4+ Kg3 64. Ra6 g5 0-1

[Event "41st Olympiad Women 2014"]
[Site "Tromso NOR"]
[Date "2014.08.04"]
[Round "3.23"]
[Board "3"]
[White "Unuk, Laura"]
[Black "Nazarova, Anastasia"]
[Result "1/2-1/2"]
[WhiteTitle "WFM"]
[BlackTitle "WCM"]
[WhiteElo "2221"]
[BlackElo "1904"]
[WhiteTeam "Slovenia"]
[BlackTeam "Finland"]
[WhiteFideId "14609215"]
[BlackFideId "34101737"]
[EventDate "2014.08.02"]

1. d4 d5 2. c4 c6 3. Nf3 Nf6 4. e3 e6 5. Bd3 Be7 6. O-O O-O 7. Nc3 Nbd7 8. Qc2
h6 9. Rd1 Qc7 10. e4 dxe4 11. Nxe4 Nxe4 12. Bxe4 Nf6 13. Bd3 Rd8 14. Bd2 a5 15.
Bc3 Bd7 16. Qe2 Be8 17. Re1 Bf8 18. Rad1 Nd7 19. Nh4 Qf4 20. g3 Qc7 21. Qg4 Nf6
22. Qf3 Be7 23. Re2 Rd7 24. Bc2 Rad8 25. Qd3 g6 26. Nf3 Rc8 27. Ne5 Rdd8 28. Qf3
Nd7 29. Ng4 h5 30. Ne3 Nf8 31. Rde1 Bb4 32. c5 Bxc3 33. bxc3 b6 34. cxb6 Qxb6
35. Nc4 Qc7 36. Re5 Rd5 37. Be4 Nd7 38. Qf4 Nxe5 39. dxe5 Rcd8 40. Kg2 Rc5 41.
Nd6 Rxc3 42. g4 hxg4 43. Qxg4 Rxd6 44. exd6 Qxd6 45. Rd1 Qe7 46. Bf3 f5 47. Qf4
e5 48. Qd2 Rc5 49. Qe3 e4 50. Kh1 Re5 51. Be2 Bf7 52. Rg1 Qf6 53. Qf4 Bxa2 54.
Bh5 Bf7 55. Bxg6 Bxg6 56. Rxg6+ Qxg6 57. Qxe5 Qf7 58. Qxa5 Qd5 59. Qa8+ Kf7 60.
Kg1 Ke6 61. h4 Kd6 62. Qf8+ Ke5 63. Qh8+ 1/2-1/2

[Event "41st Olympiad Women 2014"]
[Site "Tromso NOR"]
[Date "2014.08.04"]
[Round "3.23"]
[Board "4"]
[White "Walta, Paivi"]
[Black "Novak, Ksenija"]
[Result "0-1"]
[WhiteTitle "WFM"]
[BlackTitle "WFM"]
[WhiteElo "1794"]
[BlackElo "2074"]
[WhiteTeam "Finland"]
[BlackTeam "Slovenia"]
[WhiteFideId "504513"]
[BlackFideId "14604272"]
[EventDate "2014.08.02"]

1. e4 d6 2. d4 Nf6 3. f3 e5 4. Be3 Be7 5. Nc3 O-O 6. Qd2 exd4 7. Bxd4 Nc6 8. Be3
Ne5 9. Be2 c6 10. g4 b5 11. b3 b4 12. Na4 Nexg4 13. Bf4 Ne5 14. Qxb4 Ng6 15. Be3
d5 16. Bc5 Bxc5 17. Nxc5 dxe4 18. Nxe4 Nxe4 19. fxe4 Qh4+ 20. Kd1 Bf5 21. Bd3
Rfe8 22. Nf3 Qg4 23. Kd2 Bxe4 24. Be2 Bxf3 25. Qxg4 Rxe2+ 0-1

[Event "41st Olympiad Women 2014"]
[Site "Tromso NOR"]
[Date "2014.08.04"]
[Round "3.24"]
[Board "2"]
[White "Shvayger, Yuliya"]
[Black "Cordero, Daniela"]
[Result "1-0"]
[WhiteTitle "WIM"]
[BlackTitle "WIM"]
[WhiteElo "2275"]
[BlackElo "2010"]
[WhiteTeam "Israel"]
[BlackTeam "Bolivia"]
[WhiteFideId "14100126"]
[BlackFideId "3301630"]
[EventDate "2014.08.02"]

1. e4 d6 2. d4 Nf6 3. Nc3 g6 4. f4 Bg7 5. Nf3 O-O 6. Bd3 Nc6 7. d5 Nb8 8. O-O c6
9. Kh1 e6 10. dxe6 fxe6 11. e5 Nd5 12. Ne4 dxe5 13. fxe5 Nd7 14. c4 Ne7 15. Bg5
b6 16. Bc2 Ba6 17. Qd6 Rf7 18. Rfd1 h6 19. Qxe6 Bc8 20. Nf6+ 1-0

[Event "41st Olympiad Women 2014"]
[Site "Tromso NOR"]
[Date "2014.08.04"]
[Round "3.24"]
[Board "3"]
[White "Estrada, Lucia"]
[Black "Borsuk, Angela"]
[Result "0-1"]
[WhiteTitle "WIM"]
[BlackTitle "IM"]
[WhiteElo "1974"]
[BlackElo "2198"]
[WhiteTeam "Bolivia"]
[BlackTeam "Israel"]
[WhiteFideId "3301923"]
[BlackFideId "2806452"]
[EventDate "2014.08.02"]

1. d4 d6 2. e4 Nf6 3. f3 e5 4. Bg5 Be7 5. Ne2 O-O 6. c4 c6 7. h4 Nbd7 8. Nbc3 a6
9. Qd2 b5 10. Ng3 exd4 11. Qxd4 b4 12. Nd1 d5 13. cxd5 cxd5 14. e5 Nxe5 15. Be2
Qc7 16. Bf4 Bd6 17. Rc1 Nc6 18. Bxd6 Qxd6 19. Qf2 d4 20. O-O Ne5 21. f4 Neg4 22.
Bxg4 Bxg4 23. Qd2 a5 24. Nf2 Be6 25. Nd3 Rac8 26. Ne5 h6 27. Rfe1 Qb6 28. Qd3 a4
29. Ne2 Bxa2 30. f5 Bd5 31. Nf4 Be4 32. Nc4 Bxd3 33. Nxb6 Rxc1 34. Rxc1 Bxf5 35.
Nxa4 d3 36. Rd1 Rd8 37. Nc5 d2 38. Nb3 Ne4 39. Ne2 Bg4 40. Nbd4 Rxd4 0-1

[Event "41st Olympiad Women 2014"]
[Site "Tromso NOR"]
[Date "2014.08.04"]
[Round "3.24"]
[Board "4"]
[White "David Glaz, Ilana"]
[Black "Prado, Alexandra"]
[Result "1-0"]
[WhiteTitle "WIM"]
[WhiteElo "2200"]
[BlackElo "1831"]
[WhiteTeam "Israel"]
[BlackTeam "Bolivia"]
[WhiteFideId "2801370"]
[BlackFideId "3301346"]
[EventDate "2014.08.02"]

1. Nf3 Nf6 2. g3 g6 3. b3 Bg7 4. Bb2 d6 5. d4 O-O 6. Bg2 Nbd7 7. O-O c5 8. c4
Rb8 9. Nc3 a6 10. Qd2 cxd4 11. Nxd4 Nc5 12. Rad1 Qb6 13. h3 Re8 14. e4 Bd7 15.
Rfe1 e5 16. Nc2 Bf8 17. Ne3 Bc6 18. Ned5 Bxd5 19. Nxd5 Nxd5 20. Qxd5 Qa5 21. Ra1
b5 22. Bf1 Rbc8 23. cxb5 axb5 24. a3 Ne6 25. Rac1 Nc7 26. Qb7 Bh6 27. b4 Bxc1
28. bxa5 Bxb2 29. a6 Bxa3 30. Bxb5 Nxb5 31. Qxb5 Rb8 32. Qa4 Bc5 33. Ra1 Rec8
34. Ra2 Kg7 35. Kg2 Rc7 36. g4 Rb4 37. Qc2 Ra7 38. g5 Rb6 39. Qd3 h6 40. h4 hxg5
41. hxg5 f6 42. gxf6+ Kxf6 43. Kg3 Rb8 44. Rc2 Rba8 45. Ra2 Rb8 46. Kg4 Kg7 47.
Qd5 Kf6 48. f4 exf4 49. e5+ Kg7 50. exd6 Be3 51. Qe5+ Kf7 52. Rh2 1-0

[Event "41st Olympiad Women 2014"]
[Site "Tromso NOR"]
[Date "2014.08.04"]
[Round "3.25"]
[Board "1"]
[White "Samaganova, Alexandra"]
[Black "Tsolakidou, Stavroula"]
[Result "0-1"]
[BlackTitle "WFM"]
[WhiteElo "2012"]
[BlackElo "2240"]
[WhiteTeam "Kyrgyzstan"]
[BlackTeam "Greece"]
[WhiteFideId "13800221"]
[BlackFideId "4264312"]
[EventDate "2014.08.02"]

1. c4 e6 2. Nc3 d5 3. e3 c5 4. d4 Nf6 5. Nf3 a6 6. a4 Nc6 7. Be2 Bd6 8. O-O O-O
9. h3 Re8 10. b3 Ne7 11. Bb2 Ng6 12. Qc2 cxd4 13. Nxd4 e5 14. Nf5 Bb8 15. Rad1
d4 16. Ng3 Qb6 17. exd4 exd4 18. Nce4 Nxe4 19. Nxe4 Bf5 20. Bd3 Nf4 21. Rfe1 Be5
22. Nf6+ Qxf6 23. Bxf5 d3 24. Bxd3 Nxd3 25. Qxd3 Bxb2 26. Rxe8+ Rxe8 27. Qd7 Qc6
28. Qf5 g6 29. Qf4 Be5 30. Qd2 Bc7 31. Qg5 Qe6 32. Qd2 Rd8 0-1

[Event "41st Olympiad Women 2014"]
[Site "Tromso NOR"]
[Date "2014.08.04"]
[Round "3.25"]
[Board "2"]
[White "Pavlidou, Ekaterini"]
[Black "Ostry, Irina"]
[Result "1/2-1/2"]
[WhiteTitle "WIM"]
[BlackTitle "WIM"]
[WhiteElo "2170"]
[BlackElo "2177"]
[WhiteTeam "Greece"]
[BlackTeam "Kyrgyzstan"]
[WhiteFideId "4213262"]
[BlackFideId "13800060"]
[EventDate "2014.08.02"]

1. d4 d5 2. c4 c6 3. Nf3 Nf6 4. Nc3 Bf5 5. e3 e6 6. Be2 Be7 7. O-O O-O 8. Nh4
Bg6 9. Nxg6 hxg6 10. b3 Nbd7 11. Bb2 a6 12. Qc2 Bd6 13. e4 dxe4 14. Nxe4 Nxe4
15. Qxe4 Nf6 16. Qh4 Nh5 17. Qxd8 Rfxd8 18. Bf3 Be7 19. Rad1 Bf6 20. Rd2 Nf4 21.
g3 Nh3+ 22. Kh1 Rd7 23. Bg2 Ng5 24. f4 Nh7 25. Rfd1 Rad8 26. Bc3 g5 27. Rd3 gxf4
28. gxf4 Nf8 29. Ba5 Re8 30. Be4 Ng6 31. Bxg6 fxg6 32. Kg2 Kf7 33. Be1 g5 34.
fxg5 Bxg5 35. Bg3 Bf6 36. Kf3 Rh8 37. Ke4 Rh5 38. Rf1 Ke7 39. Rf2 Rg5 40. b4 Rd8
41. a4 1/2-1/2